[Event "Chigorin Memorial 30th"]
[Site "St Petersburg"]
[Date "2023.10.28"]
[Round "8"]
[White "Makarova, Maria A"]
[Black "Salmina, Veronika"]
[Result "1-0"]
[WhiteElo "1480"]
[BlackElo "1698"]
[PlyCount "65"]
[EventDate "2023.10.21"]
[EventType "swiss"]
[EventRounds "9"]
[EventCountry "RUS"]
[SourceTitle "Mega2024 Update 01"]
[Source "Chessbase"]
[SourceDate "2023.11.12"]
[SourceVersion "1"]
[SourceVersionDate "2023.11.12"]
[SourceQuality "1"]

1. d4 Nf6 2. c4 e6 3. Nc3 Bb4 4. Qc2 d5 5. a3 Bxc3+ 6. Qxc3 Ne4 7. Qc2 c5 8. dxc5 Nc6 9. Nf3 Qa5+ 10. Bd2 Qxc5 11. e3 Nxd2 12. Nxd2 0-0 13. b4 Qe7 14. Bd3 h6 15. 0-0 Ne5 16. c5 Bd7 17. Nb3 f5 18. f4 Ng4 19. Qe2 e5 20. h3 Nf6 21. Na5 Rab8 22. Rac1 b6 23. Nb3 Ba4 24. fxe5 Ne4 25. Bxe4 fxe4 26. Nd4 Qxe5 27. b5 Rxf1+ 28. Rxf1 Rc8 29. c6 Qd6 30. Qb2 Rc7 31. Nf5 Qe6 32. Qb4 Bc2 33. Nd4 1-0

[Event "Chigorin Memorial 30th"]
[Site "St Petersburg"]
[Date "2023.10.23"]
[Round "3"]
[White "Salmina, Veronika"]
[Black "Makarchik, Arseniy Vik"]
[Result "1-0"]
[WhiteElo "1698"]
[BlackElo "1401"]
[PlyCount "69"]
[EventDate "2023.10.21"]
[EventType "swiss"]
[EventRounds "9"]
[EventCountry "RUS"]
[SourceTitle "Mega2024 Update 01"]
[Source "Chessbase"]
[SourceDate "2023.11.12"]
[SourceVersion "1"]
[SourceVersionDate "2023.11.12"]
[SourceQuality "1"]

1. d4 Nf6 2. c4 e6 3. Nc3 Bb4 4. f3 d5 5. a3 Bxc3+ 6. bxc3 c5 7. cxd5 exd5 8. e3 Qc7 9. Bd2 Bf5 10. g4 Bg6 11. Nh3 c4 12. Bg2 Nc6 13. 0-0 h6 14. e4 0-0-0 15. Bf4 Qa5 16. e5 Nd7 17. Bd2 Qb6 18. f4 h5 19. f5 hxg4 20. Nf4 Bh5 21. Nxd5 Qa5 22. Nf4 Ndxe5 23. dxe5 Nxe5 24. Rb1 b6 25. Qe2 Qc5+ 26. Be3 Nf3+ 27. Kh1 Qc7 28. Rb4 b5 29. Rxb5 Rhe8 30. Qf2 Rd3 31. Rc5 Qxc5 32. Bxc5 Rd2 33. Qg3 Ne1 34. Rxe1 Rxg2 35. Rxe8+ 1-0

[Event "St Petersburg Korchnoi Memorial op"]
[Site "St Petersburg"]
[Date "2023.08.23"]
[Round "8"]
[White "Suleymanov, Magomed"]
[Black "Salmina, Veronika"]
[Result "0-1"]
[WhiteElo "1018"]
[BlackElo "1512"]
[PlyCount "50"]
[EventDate "2023.08.18"]
[EventType "swiss"]
[EventRounds "9"]
[EventCountry "RUS"]
[SourceTitle "EXT 2024"]
[Source "ChessBase"]
[SourceDate "2023.10.10"]
[SourceVersion "1"]
[SourceVersionDate "2023.10.10"]
[SourceQuality "1"]

1. e4 c5 2. Nf3 Nc6 3. g3 g6 4. Bg2 Bg7 5. 0-0 d6 6. d3 e6 7. Be3 Bxb2 8. Nbd2 Bxa1 9. Qxa1 e5 10. a4 Nf6 11. h3 0-0 12. Nh4 Nh5 13. Kh2 Nd4 14. Bxd4 cxd4 15. Nc4 Be6 16. Qc1 Bxc4 17. dxc4 Rc8 18. Bf3 Nf6 19. Qb2 b6 20. Qb4 Qc7 21. Bg2 Qc5 22. Qd2 Kh8 23. Qg5 Ng8 24. f4 exf4 25. Rxf4 Qxg5 0-1

[Event "St Petersburg Korchnoi Memorial op"]
[Site "St Petersburg"]
[Date "2023.08.21"]
[Round "6"]
[White "Tkachuk, Andrey1111"]
[Black "Salmina, Veronika"]
[Result "1-0"]
[WhiteElo "1828"]
[BlackElo "1512"]
[PlyCount "65"]
[EventDate "2023.08.18"]
[EventType "swiss"]
[EventRounds "9"]
[EventCountry "RUS"]
[SourceTitle "EXT 2024"]
[Source "ChessBase"]
[SourceDate "2023.10.10"]
[SourceVersion "1"]
[SourceVersionDate "2023.10.10"]
[SourceQuality "1"]

1. d4 Nf6 2. Bg5 e6 3. e4 h6 4. Bxf6 Qxf6 5. c3 d5 6. Bd3 c5 7. Nf3 Nc6 8. dxc5 Bxc5 9. Nbd2 0-0 10. 0-0 a6 11. Re1 b5 12. Qe2 Bb7 13. b4 Bb6 14. e5 Qe7 15. a4 bxa4 16. Rxa4 a5 17. b5 Nb8 18. Bb1 Nd7 19. Qd3 g6 20. Rg4 Nc5 21. Qe3 h5 22. Rg3 Kg7 23. Qf4 Ne4 24. Nxe4 dxe4 25. Bxe4 Bxe4 26. Qxe4 Qc5 27. Nh4 Qxf2+ 28. Kh1 Kh8 29. Rf3 Qd2 30. Ref1 Kg7 31. Rxf7+ Rxf7 32. Qxg6+ Kh8 33. Qxf7 1-0

[Event "Chigorin Memorial 28th"]
[Site "St Petersburg"]
[Date "2021.10.25"]
[Round "3"]
[White "Kozubov, Mikhail"]
[Black "Salmina, Veronika"]
[Result "0-1"]
[WhiteElo "1690"]
[BlackElo "1411"]
[PlyCount "71"]
[EventDate "2021.10.23"]
[EventType "swiss"]
[EventRounds "9"]
[EventCountry "RUS"]
[SourceTitle "EXT 2023"]
[Source "ChessBase"]
[SourceDate "2022.10.05"]
[SourceVersion "1"]
[SourceVersionDate "2022.10.05"]
[SourceQuality "1"]

1. d4 Nf6 2. e3 g6 3. Bd3 Bg7 4. c3 d6 5. f4 a6 6. Nf3 c5 7. 0-0 e6 8. Nbd2 Nc6 9. b3 Nd5 10. Nb1 0-0 11. e4 Nde7 12. dxc5 dxc5 13. e5 f6 14. exf6 Bxf6 15. Be3 Qa5 16. Qc2 Nd5 17. Bd2 Qb6 18. Kh1 Ncb4 19. cxb4 Bxa1 20. bxc5 Qc7 21. g3 Bg7 22. Re1 Bd7 23. Ng5 Rae8 24. Qc4 Bb5 25. Qc2 Bxd3 26. Qxd3 Qc6 27. Qe4 e5 28. Qc4 Kh8 29. Kg1 h6 30. Ne4 exf4 31. Nd6 Rxe1+ 32. Bxe1 b5 33. Qc2 Ne3 34. Qe4 Qxc5 35. Qxg6 Nf5+ 36. Bf2 0-1

[Event "Chigorin Memorial 28th"]
[Site "St Petersburg"]
[Date "2021.10.23"]
[Round "1"]
[White "Salmina, Veronika"]
[Black "Mochalin, Faddey"]
[Result "0-1"]
[WhiteElo "1411"]
[BlackElo "2076"]
[PlyCount "88"]
[EventDate "2021.10.23"]
[EventType "swiss"]
[EventRounds "9"]
[EventCountry "RUS"]
[SourceTitle "EXT 2023"]
[Source "ChessBase"]
[SourceDate "2022.10.05"]
[SourceVersion "1"]
[SourceVersionDate "2022.10.05"]
[SourceQuality "1"]

1. d4 Nf6 2. c4 e6 3. Nc3 Bb4 4. Qc2 0-0 5. a3 Bxc3+ 6. Qxc3 d6 7. f3 Nh5 8. Nh3 e5 9. dxe5 Bxh3 10. gxh3 Qh4+ 11. Kd1 dxe5 12. Rg1 Nc6 13. Bg5 Qd4+ 14. Qxd4 Nxd4 15. Rc1 f6 16. Be3 Rad8 17. Ke1 f5 18. Bg5 Rd7 19. Kf2 f4 20. h4 c5 21. Bh3 Rc7 22. Rc3 Rc6 23. Be7 Rf7 24. Bd8 Rd6 25. Rg5 g6 26. Ba5 b6 27. Rxe5 bxa5 28. Rxc5 Ng7 29. Re5 Ngf5 30. Bxf5 Nxf5 31. Rxa5 Ne3 32. Rc1 Rfd7 33. Rg5 h6 34. Rgg1 Nd1+ 35. Kg2 Nxb2 36. Kh3 Rc6 37. c5 Rd4 38. Rb1 Rd2 39. Kg4 Rxc5 40. Kxf4 Kf7 41. e4 Rxh2 42. Kg3 Rhc2 43. Rge1 R5c3 44. Rh1 Nd3 0-1

[Event "EU-ch U10 Girls"]
[Site "Bratislava"]
[Date "2019.08.08"]
[Round "7"]
[White "Salmina, Veronika"]
[Black "Briem, Gudrun Fanney"]
[Result "1-0"]
[WhiteElo "1300"]
[BlackElo "1199"]
[PlyCount "113"]
[EventDate "2019.08.02"]
[EventType "swiss"]
[EventRounds "9"]
[EventCountry "SVK"]
[SourceTitle "EXT 2020"]
[Source "ChessBase"]
[SourceDate "2019.10.17"]
[SourceVersion "1"]
[SourceVersionDate "2019.10.17"]
[SourceQuality "1"]

1. d4 Nf6 2. c4 e6 3. Nc3 Bb4 4. Qc2 b6 5. Bg5 Bb7 6. f3 h6 7. Bh4 d5 8. cxd5 exd5 9. a3 Bxc3+ 10. Qxc3 0-0 11. g4 g5 12. Bg3 c5 13. dxc5 Nxg4 14. Rd1 bxc5 15. Qxc5 Nd7 16. Qd4 Ngf6 17. h4 g4 18. fxg4 Qa5+ 19. b4 Qxa3 20. Bd6 Ne4 21. Rd3 Qc1+ 22. Rd1 Qc3+ 23. Qxc3 Nxc3 24. Rd3 d4 25. Bxf8 Bxh1 26. Bxh6 Rc8 27. Rxd4 Ne5 28. Bh3 Ne4 29. Rd5 f6 30. g5 Rc1+ 31. Rd1 Rxd1+ 32. Kxd1 fxg5 33. hxg5 Nf7 34. Be6 Nc3+ 35. Kc2 Bd5 36. Bxf7+ Kxf7 37. Kxc3 a6 38. Nf3 Be4 39. Kc4 Bf5 40. Kc5 Kg8 41. Kb6 Be6 42. e3 Bc4 43. Ne5 Bf1 44. Nc6 Kh7 45. Nb8 Bd3 46. Nxa6 Bb1 47. b5 Be4 48. Nc7 Bb1 49. Ka7 Be4 50. b6 Bf5 51. b7 Bg6 52. b8Q Be8 53. Qb3 Bh5 54. Qd3+ Kg8 55. Qf5 Bf7 56. Qf6 Bd5 57. Qg7# 1-0

[Event "EU-ch U10 Girls"]
[Site "Bratislava"]
[Date "2019.08.06"]
[Round "5"]
[White "Salmina, Veronika"]
[Black "Mihaeli, Shira"]
[Result "1-0"]
[WhiteElo "1300"]
[BlackElo "1172"]
[PlyCount "65"]
[EventDate "2019.08.02"]
[EventType "swiss"]
[EventRounds "9"]
[EventCountry "SVK"]
[SourceTitle "EXT 2020"]
[Source "ChessBase"]
[SourceDate "2019.10.17"]
[SourceVersion "1"]
[SourceVersionDate "2019.10.17"]
[SourceQuality "1"]

1. d4 d5 2. c4 Bf5 3. cxd5 Bxb1 4. Qa4+ c6 5. Rxb1 Qxd5 6. Nf3 e6 7. Bg5 Nd7 8. a3 Bd6 9. e3 Ngf6 10. Bd3 0-0 11. 0-0 Ne4 12. Bh4 Ndf6 13. Qc2 Rae8 14. Bxf6 Nxf6 15. e4 Bxh2+ 16. Nxh2 Qh5 17. e5 Nd5 18. Qe2 Qh6 19. Ng4 Qg5 20. Qe4 f5 21. exf6 Nxf6 22. Nxf6+ Rxf6 23. Qxh7+ Kf7 24. f4 Qd5 25. Qe4 Qh5 26. Rf3 Qg4 27. Re1 Rh8 28. f5 Qg5 29. fxe6+ Ke7 30. Rxf6 gxf6 31. Qg6 Rh1+ 32. Kf2 Qh4+ 33. Kf3 1-0

[Event "RUS Cup U11 Girls final"]
[Site "Bryansk"]
[Date "2019.01.09"]
[Round "6"]
[White "Khegai, Darya"]
[Black "Salmina, Veronika"]
[Result "1-0"]
[WhiteElo "1425"]
[BlackElo "1318"]
[PlyCount "103"]
[EventDate "2019.01.04"]
[EventType "tourn"]
[EventRounds "7"]
[EventCountry "RUS"]
[SourceTitle "EXT 2021"]
[Source "ChessBase"]
[SourceDate "2020.10.23"]
[SourceVersion "1"]
[SourceVersionDate "2020.10.23"]
[SourceQuality "1"]

1. d4 Nf6 2. Nf3 g6 3. Bg5 Bg7 4. Nbd2 0-0 5. c3 d6 6. e4 Nbd7 7. Be2 c6 8. 0-0 h6 9. Bh4 Nb6 10. Re1 Qc7 11. Qc2 Nh5 12. Rad1 d5 13. e5 Nf4 14. Bf1 Bf5 15. Qb3 Ne6 16. a4 a5 17. Bxe7 Rfe8 18. Bd6 Qd8 19. g3 Nc8 20. Ba3 Qd7 21. Nh4 Ng5 22. Nxf5 gxf5 23. f4 Ne4 24. Bh3 h5 25. Nxe4 dxe4 26. Rxe4 Kh7 27. Rde1 Na7 28. e6 fxe6 29. Rxe6 Rxe6 30. Qxe6 Qd8 31. Bxf5+ Kh8 32. Qd7 Qf6 33. Re8+ Rxe8 34. Qxe8+ Bf8 35. Qxh5+ Bh6 36. Qe8+ Kg7 37. Qe7+ Qf7 38. Qxf7+ Kxf7 39. Bc5 Nc8 40. Bxc8 b5 41. axb5 cxb5 42. d5 Ke8 43. d6 Bf8 44. d7+ Kd8 45. Bb6+ Ke7 46. d8Q+ Kf7 47. Qd7+ Kg8 48. Qe6+ Kh8 49. Bd4+ Bg7 50. Qe8+ Kh7 51. Bf5+ Kh6 52. Qg6# 1-0

[Event "RUS Cup U11 Girls final"]
[Site "Bryansk"]
[Date "2019.01.08"]
[Round "5"]
[White "Volkova Medova, Anastasiya"]
[Black "Salmina, Veronika"]
[Result "0-1"]
[WhiteElo "1375"]
[BlackElo "1318"]
[PlyCount "150"]
[EventDate "2019.01.04"]
[EventType "tourn"]
[EventRounds "7"]
[EventCountry "RUS"]
[SourceTitle "EXT 2021"]
[Source "ChessBase"]
[SourceDate "2020.10.23"]
[SourceVersion "1"]
[SourceVersionDate "2020.10.23"]
[SourceQuality "1"]

1. d4 Nf6 2. Nf3 g6 3. c4 Bg7 4. g3 0-0 5. Bg2 d6 6. 0-0 Nbd7 7. Nc3 c6 8. e4 e5 9. Be3 Re8 10. dxe5 Nxe5 11. Nxe5 dxe5 12. Qc2 Be6 13. c5 Qe7 14. Rfd1 Rad8 15. b4 Ng4 16. Qe2 Nxe3 17. Qxe3 Rd4 18. a3 Red8 19. Qe1 Bb3 20. Rdb1 Qe6 21. Rb2 Bh6 22. Qb1 Bc4 23. Bf1 Bd2 24. Qc2 Bxf1 25. Rxf1 Qc4 26. Nb1 Qxc2 27. Rxc2 Bh6 28. Re1 Rd1 29. Kf1 R8d4 30. Rce2 R4d3 31. Rb2 Bc1 32. Rc2 Bxa3 33. Nxa3 Rxe1+ 34. Kxe1 Rxa3 35. Rb2 Rd3 36. Ke2 Rd7 37. Ke3 Kg7 38. Ra2 a6 39. f4 Kf6 40. Rf2 h5 41. h3 Rd4 42. Rb2 Rd1 43. Rb3 Rh1 44. h4 Re1+ 45. Kf3 Rf1+ 46. Ke2 Rg1 47. Kf2 Rd1 48. Ke2 Rd8 49. Ke3 exf4+ 50. gxf4 Rd1 51. Kf3 Rf1+ 52. Kg3 Rg1+ 53. Kh3 Re1 54. e5+ Kf5 55. Rd3 Ke6 56. Rd6+ Ke7 57. Rd4 Ra1 58. Kg3 Ra3+ 59. Kg2 Ra4 60. Kf3 a5 61. Ke3 Rxb4 62. Rxb4 axb4 63. Kd4 b3 64. Kc3 b2 65. Kxb2 Ke6 66. Kb3 Kd5 67. Kb4 Kd4 68. Ka4 Kxc5 69. Ka5 b5 70. e6 fxe6 71. Ka6 b4 72. Ka5 b3 73. Ka4 b2 74. Ka3 b1Q 75. Ka4 Qb4# 0-1

[Event "RUS Cup U11 Girls final"]
[Site "Bryansk"]
[Date "2019.01.06"]
[Round "3"]
[White "Chepovetskaya, Sofya"]
[Black "Salmina, Veronika"]
[Result "1-0"]
[WhiteElo "1185"]
[BlackElo "1318"]
[PlyCount "139"]
[EventDate "2019.01.04"]
[EventType "tourn"]
[EventRounds "7"]
[EventCountry "RUS"]
[SourceTitle "EXT 2021"]
[Source "ChessBase"]
[SourceDate "2020.10.23"]
[SourceVersion "1"]
[SourceVersionDate "2020.10.23"]
[SourceQuality "1"]

1. e4 c5 2. Nf3 Nc6 3. d4 cxd4 4. Nxd4 e6 5. Nc3 Bb4 6. Be3 Nf6 7. Bd3 d5 8. Nxc6 bxc6 9. exd5 cxd5 10. 0-0 0-0 11. Re1 Kh8 12. a3 Ba5 13. Bc5 Re8 14. b4 Bb6 15. Bxb6 Qxb6 16. Na4 Qc7 17. Rc1 Bd7 18. Nc5 Qb6 19. c4 dxc4 20. Bxc4 Red8 21. Nxd7 Rxd7 22. Qf3 Rc8 23. Bb3 Rdc7 24. Rxc7 Qxc7 25. h3 Qc3 26. Qxc3 Rxc3 27. Re3 Rxe3 28. fxe3 Kg8 29. Kf1 Kf8 30. Ke2 Ke7 31. Kd3 Nd5 32. Bxd5 exd5 33. Kd4 Kd6 34. a4 f5 35. b5 g5 36. a5 h5 37. a6 Kc7 38. Kxd5 Kb6 39. Kc4 f4 40. exf4 gxf4 41. h4 Kc7 42. Kc5 Kb8 43. b6 axb6+ 44. Kxb6 Ka8 45. Kc5 Ka7 46. Kd4 Kxa6 47. Ke4 Kb5 48. Kxf4 Kc5 49. Kg5 Kd5 50. Kxh5 Ke6 51. g4 Kf7 52. g5 Kg7 53. g6 Kg8 54. Kh6 Kh8 55. h5 Kg8 56. g7 Kf7 57. Kh7 Kf6 58. g8Q Kf5 59. Qg7 Kf4 60. Qg6 Kf3 61. Qg5 Kf2 62. Qf4+ Kg2 63. Qe3 Kh2 64. Qf3 Kg1 65. Qe2 Kh1 66. Kg6 Kg1 67. Kg5 Kh1 68. Kg4 Kg1 69. Kg3 Kh1 70. Qg2# 1-0

[Event "RUS Cup U11 Girls final"]
[Site "Bryansk"]
[Date "2019.01.05"]
[Round "2"]
[White "Salmina, Veronika"]
[Black "Darmaeva, Nomina"]
[Result "1-0"]
[WhiteElo "1318"]
[BlackElo "1395"]
[PlyCount "117"]
[EventDate "2019.01.04"]
[EventType "tourn"]
[EventRounds "7"]
[EventCountry "RUS"]
[SourceTitle "EXT 2021"]
[Source "ChessBase"]
[SourceDate "2020.10.23"]
[SourceVersion "1"]
[SourceVersionDate "2020.10.23"]
[SourceQuality "1"]

1. d4 d5 2. c4 e6 3. Nc3 c6 4. cxd5 exd5 5. Nf3 Nf6 6. Bg5 Be7 7. e3 Bf5 8. Bd3 Bxd3 9. Qxd3 0-0 10. 0-0 Re8 11. Rac1 Ne4 12. Bxe7 Qxe7 13. Nd2 Nf6 14. Nb3 Qd6 15. h3 Nbd7 16. Na4 b6 17. Rc2 Ne4 18. Rfc1 Rac8 19. Nc3 Nef6 20. Nb5 Qb8 21. Rxc6 Rxc6 22. Rxc6 a6 23. Nd6 Rd8 24. Nf5 Qb7 25. Qc2 Ne8 26. Nd2 b5 27. Nb3 g6 28. Na5 Qa8 29. Ne7+ Kf8 30. Nxd5 Nb8 31. Qc5+ Kg7 32. Nb6 Qa7 33. Rc8 Rxc8 34. Nxc8 Qxc5 35. dxc5 Kf6 36. Kf1 Ke6 37. Nb6 Nc7 38. Ke2 b4 39. Kd3 Nd5 40. Kc4 Nxb6+ 41. cxb6 Kd6 42. Kxb4 Nc6+ 43. Nxc6 Kxc6 44. Ka5 Kb7 45. b4 f5 46. b5 axb5 47. Kxb5 g5 48. a4 f4 49. exf4 gxf4 50. a5 h5 51. a6+ Kb8 52. Kc6 Ka8 53. g3 f3 54. g4 h4 55. g5 Kb8 56. g6 Kc8 57. g7 Kd8 58. Kd6 Ke8 59. g8Q# 1-0